000 00698nam a22002057a 4500
003 OSt
005 20251028055045.0
008 251028b |||||||| |||| 00| 0 eng d
020 _a978-9710-428-40-3.
040 _aDWCL-Main lib
_cOC
082 _aCirc. 152.4 V217h 2007
100 _aVan Jaarsveld, Pieter
245 _aThe heart of a winner :
_bdeveloping your emotional intelligence
_cVan Jaarsveld, Pieter
260 _aManila :
_bShepherd House Pub., Inc.,
_cc2007.
300 _a222 pages :
_billustration ;
_c24 cm.
504 _aIncludes bibliographical references.
650 _21. Emotional Intelligence.
650 _22. Emotions.
942 _2ddc
_cBK-CIRC
_eEnglish reprint ed.
_kCirc.
_n0
999 _c5238
_d5238